000 00438cam a2200181ua 4500
020 _c15.00
041 _aeng
_h
082 _a382
_bVER/IN
100 _aVarghese, S K .
245 _aIndia`s foriegn trade /
_cS K Varghese.
_hTextual Documents
250 _a1 /
_b.
260 _aMumbai :
_bAllied Publishers Pvt Ltd ,
_c1964.
300 _a328 ; .
365 _a15.00
504 _a
942 _cBK
999 _c11804
_d11804